| 000 | 00468nam a22001697a 4500 | ||
|---|---|---|---|
| 003 | OSt | ||
| 005 | 20170518101327.0 | ||
| 008 | 161012b xxu||||| |||| 00| 0 eng d | ||
| 040 |
_aMMU _beng _cMMU _dMMU |
||
| 050 |
_aHD983 _b.L36 2009 |
||
| 110 | _aKenya Land Alliance | ||
| 245 | _aLand data survey report on internal displacement / | ||
| 260 |
_aNairobi ; _bKenya Land Alliance, _c2009 |
||
| 300 |
_a83 p.: _bill.; |
||
| 650 | _aLand survey | ||
| 942 |
_2lcc _cLOAN LOAN |
||
| 999 |
_c19526 _d19526 |
||